000 00447nam a2200193Ia 4500
005 20250923144229.0
008 008 250917s9999 xx 000 0 eng d
037 _aReference
040 _aDSWL
_beng
_cDSWL
041 _aeng
_2eng
084 _qDSWL
245 0 _aGroup work, 1939
260 _aNew York
_b American Association
300 _a84 p.
365 _aINR
_b5
925 _g5
942 _cREF
999 _c1436349
_d1436349